00501nam a2200157Ia 4500008004100000041000800041082001800049100001800067245003500085250000600120260003900126300001100165650002000176999001900196952012800215210716s2003 xx 000 0 und d aeng a621.3822 CHIJ aChitode, J S. aVtu digital signal processing. a1 aPunebTechnical Publicationsc2003 axi,549 aDigital Systems c186344d186344 001040708MCAaAIMITbAIMITeBook Palaceg250.00l0o621.3822 CHIJpMCA05852r2025-07-21 00:00:00v200.00w2021-07-16yBK